000 00422nam a2200157Ia 4500
008 240729s9999 xx 000 0 und d
022 _a2309-592X
245 0 _aEsculapio
260 _aPakistan
260 _bServices Institute of Medical Sciences, Lahore
650 _a Medicine (General)
650 _aMedicine
856 _uhttps://doaj.org/toc/964d76489be5472089f5cab30b5ca492
942 _2ddc
942 _cDOAJEJ
999 _c70990
_d70990
945 _a1
_bMadushi Gamage
_c1
_dMadushi Gamage